Cơ sở độ tin cậy động cơ Diesel tàu thuỷ

保存先:
書誌詳細
第一著者: Nguyễn, Thạch
フォーマット: 図書
言語:Undetermined
出版事項: Hà Nội Khoa học Kỹ thuật 2004
主題:
タグ: タグ追加
タグなし, このレコードへの初めてのタグを付けませんか!
Thư viện lưu trữ: Trung tâm Học liệu Trường Đại học Cần Thơ
LEADER 00598nam a2200217Ia 4500
001 CTU_63353
008 210402s9999 xx 000 0 und d
020 |b 24000 
020 |c 39000 
082 |a 621.436 
082 |b Th102 
100 |a Nguyễn, Thạch 
245 0 |a Cơ sở độ tin cậy động cơ Diesel tàu thuỷ 
245 0 |c Nguyễn Thạch 
260 |a Hà Nội 
260 |b Khoa học Kỹ thuật 
260 |c 2004 
650 |a Diesel motor 
650 |x Fuel system 
904 |i Truc 
980 |a Trung tâm Học liệu Trường Đại học Cần Thơ